Statistics for Capitals AND Countries That Start With P

Click here to take the quiz!

General Stats

  • This quiz has been taken 7,320 times
  • The average score is 21 of 26

Answer Stats

Answer% Correct
CountryPanama
95%
CountryPalau
93%
CountryPakistan
92%
CountryPeru
91%
CountryPoland
91%
CountryPortugal
89%
CapitalPanama City
88%
CountryParaguay
88%
CountryPapua New Guinea
85%
CountryPhilippines
82%
CapitalPort-au-Prince
80%
CapitalPristina
79%
CapitalPort Moresby
78%
CapitalPort of Spain
78%
CapitalParis
76%
CapitalPodgorica
75%
CapitalPort Louis
74%
CapitalPrague
73%
CapitalPyongyang
73%
CapitalParamaribo
72%
CapitalPort Vila
71%
CapitalPorto-Novo
70%
CapitalPhnom Penh
69%
CapitalPretoria
69%
CapitalPraia
67%
CapitalPalikir
66%

Score Distribution

Percentile by Number Answered

Percent of People with Each Score

Your Score History

You have not taken this quiz